Selection process in contemporary organisations: an exploration of the role of culture : (Record no. 26875)

MARC details
000 -LEADER
fixed length control field 006420000a22001690004500
008 - FIXED-LENGTH DATA ELEMENTS--GENERAL INFORMATION
fixed length control field 100902t xxu||||| |||| 00| 0 eng d
082 ## - DEWEY DECIMAL CLASSIFICATION NUMBER
Classification number 26875
090 ## - LOCALLY ASSIGNED LC-TYPE CALL NUMBER (OCLC); LOCAL CALL NUMBER (RLIN)
-- 26875
-- 26875
100 ## - MAIN ENTRY--PERSONAL NAME
Personal name Nabukera, Lucy
9 (RLIN) 46684
245 ## - TITLE STATEMENT
Title Selection process in contemporary organisations: an exploration of the role of culture :
Remainder of title case study Buganda Cultural and Development Foundation (BUCADEF) /
Statement of responsibility, etc. Nabukera,Lucy
260 ## - PUBLICATION, DISTRIBUTION, ETC.
Place of publication, distribution, etc. Nkozi :
Name of publisher, distributor, etc. Uganda Martyrs University,
Date of publication, distribution, etc. 2002
300 ## - PHYSICAL DESCRIPTION
Extent iv, 74 p. ;
Dimensions 30 cm.
500 ## - GENERAL NOTE
General note Master of Business Administration and Management
650 ## - SUBJECT ADDED ENTRY--TOPICAL TERM
Topical term or geographic name entry element Selection
9 (RLIN) 46685
650 ## - SUBJECT ADDED ENTRY--TOPICAL TERM
Topical term or geographic name entry element culture
9 (RLIN) 5405
942 ## - ADDED ENTRY ELEMENTS (KOHA)
Koha item type Master Dissertation
Source of classification or shelving scheme Dewey Decimal Classification
Holdings
Withdrawn status Lost status Source of classification or shelving scheme Damaged status Not for loan Home library Current library Date acquired Total Checkouts Full call number Barcode Date last seen Date last checked out Price effective from Koha item type
    Dewey Decimal Classification     Archbishop Kiwanuka Memorial Library Archbishop Kiwanuka Memorial Library 01/11/2008 1 26875 26875 13/07/2013 25/04/2012 01/11/2008 Master Dissertation

Archbishop Kiwanuka Memorial Library | Uganda Martyrs University P.O. Box : 5498 Kampala, Uganda
Tel : +256-(0) 382-277-901 or +256-(0) 382-410-611 / E-mail : library@umu.ac.ug